02129nam a2200301 a 450000100100000000500170001000800410002704000250006808200300009311000320012324000190015524500960017426000360027030000210030650507110032759000260103865000550106465000580111965000450117765000530122265000370127571000560131291000370136895201430140595201280154895201340167699900170181000002411020210420113209.0110119s1994 dr 000 0 spa d aDO-SdBNPbspacBNPHU a346.72930135bR426c, 19941 aRepública Dominicana944710a[Leyes, etc.].10aCódigo para la protección de niños, niñas y adolescentes y normativa internacional. aSanto Domingo :bUNICEF,c1994. a286 p. ;c27 cm.0 gPresentacióntCódigo para la protección de niños, niñas y adolescentes --tConvención sobre los derechos del niño, aprobada por la Asamblea General de las Naciones Unidas el 20 de Noviembre de 1989 --tReglas de Beijing, reglas mínimas de las Asamblea General de las Naciones Unidas para la administración de la justicia de menores --tProtección de los menores privados de libertad --tDirectrices de la RIAD, directrices de las Naciones Unidas para la prevención de la delincuencia juvenil --tApéndice: Convención sobre la eliminación de todas las formas de discriminación contra la mujer, aprobada por la Asamblea General de las Naciones Unidas el 16 de diciembre de 1979. aInventariado, 2018/BT 4aDerechos del niñozRepública Dominicana949526 4aMenoresxLegislaciónzRepública Dominicana949527 4aDerecho de familiaxLegislación949528 4aTrabajo social con niñosxLegislación917172 4aNiñosxSituación legal95138 aFondo de las Naciones Unidas para la Infancia99270 aValidado. Control de calidad EMS 001054708DSaGRbGRcHDd2018-03-27iLF1l0o346.72930135 R426c, 1994p24110-30r2020-06-25te. 3w2020-06-25yLFDSZPréstamo en sala 0010718PDaPDbPDcHDd2011-01-19iLF1l0o346.72930135 R426c, 1994p24110-10r2020-06-25w2020-06-25yLFPDZNo se presta 0010718PDaPDbPDcHDd2011-06-02iLF1l0o346.72930135 R426c, 1994p24110-20r2020-06-25te. 2w2020-06-25yLFPDZNo se presta c23605d23605